Spectral methods for incompressible viscous flow

Αποθηκεύτηκε σε:
Λεπτομέρειες βιβλιογραφικής εγγραφής
Κύριος συγγραφέας: Peyret, Roger
Μορφή: Βιβλίο
Γλώσσα:English
Δημοσίευση: New York : Springer, c2002
Σειρά:Applied mathematical sciences (Springer-Verlag New York Inc.) ; 148
Θέματα:
Ετικέτες: Προσθήκη ετικέτας
Δεν υπάρχουν, Καταχωρήστε ετικέτα πρώτοι!

MARC

LEADER 00000nam a2200000 i 4500
001 1/52352
008 070823s2002 eng d
020 |a 0-387-95221-7 
035 |l 10089980 
040 |a GR-MY-UA  |b gre  |e aacr 
041 0 |a eng 
082 0 |a 532.0533  |2 (22) 
100 1 |a Peyret, Roger. 
245 1 0 |a Spectral methods for incompressible viscous flow /  |c Roger Peyret 
260 |a New York :   |b Springer,   |c c2002 
300 |a xi, 432 σ.;  |b εικ.;  |c 25 εκ. 
490 1 |a Applied mathematical sciences  |v ; 148 
504 |a Περιλαμβάνει βιβλιογραφικές παραπομπές (σ.[401]-423) και ευρετήριο 
650 0 0 |a Viscous flow. 
650 0 0 |a Navier-Stokes equations  |x Numerical solutions. 
650 0 0 |a Spectral theory (Mathematics) 
830 0 |a Applied mathematical sciences (Springer-Verlag New York Inc.)  |v ; 148 
852 |a INST  |b SAMOS  |e 20070823  |h 532.0533 PEY  |p 005300025503  |q 005300025503  |t BK  |y 0 
901 |a BIBL3-2007-2 
909 |a Σ  |b 137079 
922 |a 3ΕΛΗ  |b 200707  |c ΕΠΕΑΕΚ2/ΤΜΗΜΑ ΜΑΘΗΜΑΤΙΚΩΝ  |d ΠΑΠΑΣΩΤΗΡΙΟΥ 
970 |a ΡΟΥΣΣΟΥ  |b ΚΩΝΣΤΑΝΤΙΝΑ  |z 2007/08/23